| 000 | 00546nam a2200181Ia 4500 | ||
|---|---|---|---|
| 999 |
_c33432 _d33432 |
||
| 003 | OSt | ||
| 005 | 20200911125321.0 | ||
| 008 | 190216s9999||||xx |||||||||||||| ||und|| | ||
| 040 | _coclc | ||
| 082 |
_a621.38173 _bWHI/E |
||
| 100 |
_aWhitson, James A _94551 |
||
| 245 | 0 |
_a500 Electronic I C Circuits With Practical Applications / _cJames A Whitson |
|
| 250 | _a1st Ed. | ||
| 260 |
_bBpb Publications, _c1989. _aNew Delhi: |
||
| 300 | _a340p | ||
| 650 | _aPhysics | ||
| 942 |
_cBK _2ddc _h621.38173 _iWHI/E _k621.38173 _mWHI/E |
||